Nazionalità dei Palloni d'Oro - Statistics

Statistiche generali
  • Questo quiz è stato fatto 157 volte
  • Il punteggio medio è 15 su 19
Statistiche sulle risposte
Giocatori Palloni d'Oro totali Continente Nazione % Corretto
1 8 America del Sud Argentina
100%
5 5 Europa Italia
100%
4 5 America del Sud Brasile
99%
6 8 Europa Francia
99%
3 7 Europa Portogallo
99%
5 7 Europa Germania
98%
2 4 Europa Spagna
98%
3 3 Europa / Asia Unione Sovietica
93%
4 5 Europa Inghilterra
88%
3 7 Europa Paesi Bassi
88%
2 2 Europa Repubblica Ceca
78%
1 1 Europa Croazia
72%
1 1 Europa Ungheria
68%
1 1 Europa Ucraina
67%
1 1 Africa Liberia
62%
1 1 Europa Bulgaria
60%
1 1 Europa Danimarca
60%
1 1 Europa Scozia
44%
1 1 Europa Irlanda del Nord
37%
Nessun quiz corrispondente trovato
Distribuzione punteggi
Percentuale di utenti per punteggio
Percentile per numero di risposta
I tuoi punteggi nel tempo
Non hai fatto questo quiz